Kertész on Kertész. A self-portrait. Photos and text by André Kertész.
Salvato in:
| Autore principale: | |
|---|---|
| Altri autori: | |
| Natura: | Sconosciuto |
| Lingua: | inglese |
| Pubblicazione: |
New York, USA
Abbeville Press Publishers
1983
|
| Soggetti: | |
| Tags: |
Aggiungi Tag
Nessun Tag, puoi essere il primo ad aggiungerne!!
|
MARC
| LEADER | 00000 a2200000 4500 | ||
|---|---|---|---|
| 003 | CL-VaPUC | ||
| 005 | 20250312122359.0 | ||
| 008 | 210715b1983 ||||| |||| 00| 0 eng d | ||
| 999 | |c 433311 |d 433309 | ||
| 020 | |a 0-89659-510-2 | ||
| 040 | |c Pontificia Universidad Católica de Valparaíso | ||
| 082 | |a 770.924 KER 1993 | ||
| 100 | |a Kertész, André |d 1894-1985 |9 862106 | ||
| 245 | |a Kertész on Kertész. |b A self-portrait. Photos and text by André Kertész. | ||
| 260 | |a New York, USA |b Abbeville Press Publishers |c 1983 | ||
| 300 | |a 120 páginas; |b fotos en blanco y negro | ||
| 583 | |k Cristina Rojas |c 20210715 | ||
| 600 | 0 | |a Kertész, André |9 862106 |d 1894-1985 | |
| 650 | 0 | |a Fotografía de retrato |9 862302 | |
| 700 | |a Adam, Peter |e introducción |9 862176 | ||
| 942 | |2 ddc |c BK | ||
| 952 | |0 0 |1 0 |2 ddc |4 0 |6 770_924000000000000_KER_1993 |7 0 |8 R |9 578408 |a BIBART |b BIBART |d 2021-07-15 |e 139 |g 0.00 |i 5586208 |o 770.924 KER 1993 |p 5586208 |r 2025-03-13 |t 1 |v 0.00 |w 2021-07-15 |y BK_R |k ART | ||